Participation rules for pareto-optimal clubs (Registro nro. 25880)

Detalles MARC
000 -LEADER
fixed length control field 00368 a2200121 4500
001 - CONTROL NUMBER
control field ART_11834
005 - DATE AND TIME OF LATEST TRANSACTION
control field 20260410161901.0
008 - FIXED-LENGTH DATA ELEMENTS--GENERAL INFORMATION
fixed length control field 260409a
100 1# - MAIN ENTRY--PERSONAL NAME
Personal name Hillman, Arye L.
245 10 - TITLE STATEMENT
Title Participation rules for pareto-optimal clubs
700 1# - ADDED ENTRY--PERSONAL NAME
Personal name Swan, Peter L.
773 0# - HOST ITEM ENTRY
Title Journal of public economics
Related parts - Vol. 20, Nº 1 (feb. 1983)
Record control number REV11485

No hay ítems disponibles.